<?xml version="1.0" encoding="UTF-8"?>
<record
    xmlns:xsi="http://www.w3.org/2001/XMLSchema-instance"
    xsi:schemaLocation="http://www.loc.gov/MARC21/slim http://www.loc.gov/standards/marcxml/schema/MARC21slim.xsd"
    xmlns="http://www.loc.gov/MARC21/slim">

  <leader>02520cam a22003614a 4500</leader>
  <controlfield tag="001">14886537</controlfield>
  <controlfield tag="003">OSt</controlfield>
  <controlfield tag="005">20260121145335.0</controlfield>
  <controlfield tag="008">070611s2007    ilu      b    001 0 eng  </controlfield>
  <datafield tag="010" ind1=" " ind2=" ">
    <subfield code="a">  2007024323</subfield>
  </datafield>
  <datafield tag="020" ind1=" " ind2=" ">
    <subfield code="a">9781581349689</subfield>
    <subfield code="q">tpb</subfield>
  </datafield>
  <datafield tag="035" ind1=" " ind2=" ">
    <subfield code="a">14886537</subfield>
  </datafield>
  <datafield tag="040" ind1=" " ind2=" ">
    <subfield code="a">DLC</subfield>
    <subfield code="c">DLC</subfield>
    <subfield code="d">DLC</subfield>
  </datafield>
  <datafield tag="050" ind1="0" ind2="0">
    <subfield code="a">BR1640.A1</subfield>
    <subfield code="b">Q5 2007</subfield>
  </datafield>
  <datafield tag="082" ind1="0" ind2="0">
    <subfield code="a">270.8/2</subfield>
    <subfield code="2">22</subfield>
  </datafield>
  <datafield tag="245" ind1="0" ind2="0">
    <subfield code="a">Quo vadis, Evangelicalism? :</subfield>
    <subfield code="b">perspectives on the past, direction for the future : presidential addresses from the first fifty years of the Journal of the Evangelical Theological Society /</subfield>
    <subfield code="c">edited by Andreas J. K&#xF6;stenberger ; foreword by Roger Nicole.</subfield>
  </datafield>
  <datafield tag="260" ind1=" " ind2=" ">
    <subfield code="a">Wheaton, Ill. :</subfield>
    <subfield code="b">Crossway Books,</subfield>
    <subfield code="c">2007.</subfield>
  </datafield>
  <datafield tag="300" ind1=" " ind2=" ">
    <subfield code="a">233 p. ;</subfield>
    <subfield code="c">23 cm.</subfield>
  </datafield>
  <datafield tag="336" ind1=" " ind2=" ">
    <subfield code="a">text</subfield>
    <subfield code="b">txt</subfield>
    <subfield code="2">rdacontent</subfield>
  </datafield>
  <datafield tag="337" ind1=" " ind2=" ">
    <subfield code="a">unmediated</subfield>
    <subfield code="b">n</subfield>
    <subfield code="2">rdamedia</subfield>
  </datafield>
  <datafield tag="338" ind1=" " ind2=" ">
    <subfield code="a">volume</subfield>
    <subfield code="b">nc</subfield>
    <subfield code="2">rdacarrier</subfield>
  </datafield>
  <datafield tag="504" ind1=" " ind2=" ">
    <subfield code="a">Includes bibliographical references (p. [219]-220) and index.</subfield>
  </datafield>
  <datafield tag="505" ind1="0" ind2=" ">
    <subfield code="a">Introduction: Quo vadis, Evangelicals? / Andreas J. K&#xF6;stenberger -- The early years (1958-1970) : foundations -- The infallibility of Scripture and Evangelical progress / Ned Stonehouse -- Whither evangelicalism? / Warren C. Young -- The Evangelical Theological Society tomorrow / Gordon H. Clark -- The maturing movement (1971-1999) : critical issues -- Evangelical theology : where should we be going? / Stanley N. Gundry -- The historical-critical method : Egyptian gold or pagan precipice? / Alan F. Johnson -- Can two walk together unless they be agreed? : Evangelical theology and biblical scholarship / Mois&#xE9;s Silva -- Recent reflections (2000-2007) : guiding visions -- The purpose-driven ETS : where should we go? : a look at Jesus studies and other example cases / Darrell L. Bock -- Evangelical theological scholarship in the twenty-first century / Millard J. Erickson -- Faithfulness : a prescription for theology / Craig Blaising -- Epilogue: Evangelicalism : the next fifty years / Andreas J. K&#xF6;stenberger.</subfield>
  </datafield>
  <datafield tag="610" ind1="2" ind2="0">
    <subfield code="a">Evangelical Theological Society</subfield>
    <subfield code="x">Presidents.</subfield>
  </datafield>
  <datafield tag="630" ind1="0" ind2="0">
    <subfield code="a">Journal of Evangelical Theological Society.</subfield>
  </datafield>
  <datafield tag="650" ind1=" " ind2="0">
    <subfield code="a">Evangelicalism</subfield>
    <subfield code="x">History.</subfield>
  </datafield>
  <datafield tag="700" ind1="1" ind2=" ">
    <subfield code="a">K&#xF6;stenberger, Andreas J.,</subfield>
    <subfield code="d">1957-</subfield>
  </datafield>
  <datafield tag="856" ind1="4" ind2="1">
    <subfield code="3">Table of contents only</subfield>
    <subfield code="u">http://www.loc.gov/catdir/toc/ecip0720/2007024323.html</subfield>
  </datafield>
  <datafield tag="906" ind1=" " ind2=" ">
    <subfield code="a">7</subfield>
    <subfield code="b">cbc</subfield>
    <subfield code="c">orignew</subfield>
    <subfield code="d">1</subfield>
    <subfield code="e">ecip</subfield>
    <subfield code="f">20</subfield>
    <subfield code="g">y-gencatlg</subfield>
  </datafield>
  <datafield tag="942" ind1=" " ind2=" ">
    <subfield code="2">lcc</subfield>
    <subfield code="c">BK</subfield>
  </datafield>
  <datafield tag="999" ind1=" " ind2=" ">
    <subfield code="c">21086</subfield>
    <subfield code="d">21085</subfield>
  </datafield>
  <datafield tag="952" ind1=" " ind2=" ">
    <subfield code="0">0</subfield>
    <subfield code="1">0</subfield>
    <subfield code="2">lcc</subfield>
    <subfield code="7">0</subfield>
    <subfield code="a">KABU</subfield>
    <subfield code="b">KABU</subfield>
    <subfield code="c">GEN</subfield>
    <subfield code="d">2026-01-21</subfield>
    <subfield code="e">Donation</subfield>
    <subfield code="i">2025/2215</subfield>
    <subfield code="l">0</subfield>
    <subfield code="o">BR1640.A1 Q5 2007 C.1</subfield>
    <subfield code="p">39689</subfield>
    <subfield code="r">2026-01-21 14:55:05</subfield>
    <subfield code="t">C.1</subfield>
    <subfield code="w">2026-01-21</subfield>
    <subfield code="y">BK</subfield>
  </datafield>
</record>
